| 000 | 00802cad a22001935a 4500 | ||
|---|---|---|---|
| 001 | E151961 | ||
| 008 | 110117s2010 xxk f 000 0 eng d | ||
| 035 | _a(Sirsi) u151961 | ||
| 041 | 0 | _aeng | |
| 100 | 1 | _aLorenz, David | |
| 245 | 0 | 0 |
_aSustainability and property value _ba brief international overview _h[electronic resource] |
| 260 |
_aLondon _bRICS _c2010 |
||
| 520 | _aPowerpoint presentation delivered at the conference "Getting all the Green Ducks in a Row: Energy Performance, Value and Green Homes", London, 29 March 2010. | ||
| 590 | _aKA | ||
| 651 | 4 | _aInternational | |
| 690 | _aPROPERTY-PROPERTY APPRAISAL AND VALUATION | ||
| 856 | 4 | 0 |
_uhttps://www.rics.org/site/scripts/download_info.aspx?fileID=6256&categoryID=361 _zView the presentation free of charge at www.rics.org. |
| 942 | _n0 | ||
| 999 |
_c111762 _d111762 |
||